| 000 | 00767nam a22002057a 4500 | ||
|---|---|---|---|
| 003 | BD-DhUL | ||
| 005 | 20211108101611.0 | ||
| 008 | 210829s2020 bg ||||| |||| 00| 0 ben | ||
| 020 | _a9789848005163 (hbk) | ||
| 040 |
_aBD-DhUL _cBD-DhUL |
||
| 082 |
_a954.92 _bBAN |
||
| 100 | 1 | _aমাহমুদ, আনু | |
| 245 | 0 | 0 |
_aবঙ্গবন্ধুর ৭ মার্চের ভাষণ : _bঐতিহাসিক মূল্যায়ণ / _cআনু মাহমুদ । |
| 260 |
_aঢাকা : _bআগামী, _c২০২০ । |
||
| 300 |
_a২০৮ পৃ. ; _c২৪ সেমি. |
||
| 365 |
_aBDT _b500.00 |
||
| 651 | 4 |
_aবাংলাদেশ _xইতিহাস । |
|
| 651 | 4 |
_aBangladesh _xHistory. |
|
| 942 |
_2ddc _cBK |
||
| 999 |
_c254327 _d254327 |
||